000 00666nam a2200265Ia 4500
005 20260121171653.0
008 008 260114s9999 xx 000 0 eng d
020 _a9783030397708
037 _aEBOOK
040 _aCRL
040 _beng
040 _cCRL
041 _2eng
041 _aeng
084 _qCRL
100 _aJoel Janek Dabrowski, Ashfaqur Rahman, Manoranjan Paul
_91079067
245 0 _aImage and Video Technology
260 _bSpringer
260 _bSpringer
260 _c2020
856 _uhttps://link.springer.com/openurl?genre=book&isbn=978-3-030-39770-8
942 _cEBOOK
999 _c1644797
_d1644797